TIGERS in trouble : Financial governance, liberalisation and crises in East Asia

Bibliographic Details
Corporate Author: International Monetary Fund
Other Authors: Jomo (Jomo Kwame Sundaram)
Format: Book
Published: London, England : Zed Books , 1998
Subjects:

MARC

LEADER 00000cam a2200000 7i4500
001 0000000058
005 20000627.0
020 0 0 |a 1856496619 
090 0 0 |a 332.109509049   |b TIG 1998 
245 0 0 |a TIGERS in trouble :   |b Financial governance, liberalisation and crises in East Asia   |c edited by Jomo K.S. 
260 0 0 |a London, England :   |b Zed Books ,   |c 1998 
300 |a xvi, 256 p. ;   |c 23 cm. 
500 0 0 |a Bibliography: [p. 239-247] and index 
650 0 0 |a Capital market   |z East Asia 
650 0 0 |a Financial crises   |z East Asia 
650 0 0 |a International finance 
650 0 0 |a Monetary policy   |z East Asia 
700 0 1 |a Jomo   |h K. S [  |q (Jomo Kwame Sundaram)] 
710 1 1 |a International Monetary Fund 
999 |a 0000000987   |b Monograph   |c Open Shelf   |e Default branch